Citizenship and social class

Αποθηκεύτηκε σε:
Λεπτομέρειες βιβλιογραφικής εγγραφής
Κύριος συγγραφέας: Marshall, T. H. (Thomas Humphrey)
Άλλοι συγγραφείς: Bottomore, T. B., 1920-1992
Μορφή: Βιβλίο
Γλώσσα:English
Δημοσίευση: London : Pluto, 1992.
Σειρά:Pluto perspectives
Θέματα:
Ετικέτες: Προσθήκη ετικέτας
Δεν υπάρχουν, Καταχωρήστε ετικέτα πρώτοι!

MARC

LEADER 00000cam a2200000 i 4500
001 1/3242
008 960312s1992 enk| ||| |||| ||eng||
020 |a 0745304761 
035 |l 10015149 
040 |a GR-MyUA  |b gre  |e AACR2 
041 0 |a eng 
082 0 |a 305.5094 
100 1 |a Marshall, T. H.   |q (Thomas Humphrey) 
245 1 0 |a Citizenship and social class /   |c T. H. Marshall and Tom Bottomore.  
260 |a London :   |b Pluto,   |c 1992.  
300 |a 101 σ. 
490 1 |a (Pluto perspectives)  
504 |a Περιέχει βιβλιογραφικές αναφορές και ευρετήριο.  
650 0 0 |a Social classes  |z Great Britain. 
650 0 0 |a Social classes  |z Europe. 
650 0 0 |a Equality  |z Great Britain. 
650 0 0 |a Equality  |z Europe. 
650 0 0 |a Civil rights  |z Great Britain. 
650 0 0 |a Civil rights  |z Europe. 
650 0 0 |a Social conflict. 
650 0 0 |a Socialism. 
650 0 0 |a Welfare state. 
700 1 |a Bottomore, T. B.,   |d 1920-1992. 
767 0 8 |i Μεταφρασμένο ως:   |t Ιδιότητα του πολίτη και κοινωνική τάξη /  
830 0 |a Pluto perspectives 
852 |a INST  |b LESVOS  |e 19960312  |h 305.5094 MAR  |p 005100006859  |q 005100006859  |t BK  |y 0 
909 |a Λ  |b 043992